000 00817nam a2200217Ia 4500
003 GCL
008 140319s9999 xx 000 0 ara d
040 _aGCL /
_cGCL
082 0 4 _aق
_b962.07
_bا م
100 1 _aاحمد شلبى
245 1 0 _aمصر فى حربين ( 1967 و 1973 ) دراسة مقارنة لبيان اسباب الهزيمة ودعائم النصر /
_cاحمد شلبى
300 _a295 ص
490 _aالهيئة العامة للاستعلامات
_v0
650 0 4 _aالتاريخ الاسلامى
650 0 4 _aالتاريخ
650 0 4 _aحركات الاحياء والاصلاح والتجدي
650 0 4 _aحرب يونيو 1967 - مصر
650 0 4 _aحرب اكتوبر 1973
650 0 4 _aمصر - تاريخ - العصر الحديث (1805 - 1956 )
942 _2ddc
_cBK
999 _c49755
_d49755